Fiji Airways Fleet - Statistics

General Stats
  • This quiz has been taken 14 times
  • The average score is 6 of 8
Answer Stats
In Service Aircraft % Correct
3 A330-200
100%
1 A330-300
100%
4 A350-900
100%
1 B737-800
73%
5 B737 MAX 8
73%
4 ATR 72-600
64%
1 ATR 42-600
36%
4 DHC-6
36%
No matching quizzes found
Score Distribution
Percent of People with Each Score
Percentile by Number Answered
Your Score History
You have not taken this quiz